000 00253nam a22001217a 4500
008 170622b xxu||||| |||| 00| 0 eng d
041 _aeng
080 _a324
100 _a20
101 _ashp
245 _aMONEY MATERS
_cGROSS.D.A
942 _2udc
_cBK
999 _c18589
_d18589